Statystyki dla Ortografia!

Kliknij tutaj aby rozwiązać quiz!

Ogólne statystyki

  • Ten quiz został rozwiązany 709 razy
    (688 od ostatniego zresetowania)
  • Średni wynik to 21 z 25

Statystyki odpowiedzi

ZagadnienieOdpowiedź% Poprawnych
A jak się nazywa kolor cytryny, słońca i dojrzałego banana?żółty
99%
Zapomniałem, jak się nazywa woda w stanie stałym. Pomożesz mi?lód
98%
Co brzmi w trzcinie w Szczebrzeszynie?chrząszcz
96%
To część ciała, dzięki której myślisz i w pewnym sensie żyjesz. To...mózg
96%
Na jakie części dzieli się Polska?województwa
96%
Z której strony zachodzi słońce, lub część świata z USA, Kanadą i Argentyną?zachód
96%
Ma się duży, jak się nie dba o dietę.brzuch
95%
Kiedy niebo robi się czarne jak kot sąsiada, pioruny strzelają gdzie chcą, to nawet dziecko wie, że nadchodzi...burza
94%
Jak się nazywa fikcyjna, antropoidalna istota ze skrzydłami, podobno spełniająca życzenia?wróżka
94%
Drzewo iglaste, które TRACI igły na zimę, to:modrzew
92%
Zwierzę podobne do fretki, lub osoba, która się bardzo czegoś boi.tchórz
92%
Gerlach to najwyższy ........... Tatr, Karpat i Słowacji.wierzchołek
92%
Ostatnia część dnia przed nocą. Co to?zmierzch
92%
Materiał na naturalne, jesienne korale. Co to?jarzębina
90%
Limonka, letnia trawa i ogórek też mają swój kolor. Jak się na niego mówi?zieleń
90%
Jak się pisze nazwę osoby, której zawodem (lub pasją) jest jeżdżenie po lodzie?łyżwiarz
88%
A krzew, też popularny na dyktandach?bukszpan
85%
Jeśli krzesło to krzesełko, droga to...dróżka
85%
Roślina, tradycyjnie na Wielkanoc posiewana na stołach to:rzeżucha
82%
Biały we włosach. Co to takiego?łupież
78%
Rzeka na granicy z Ukrainą. Ta rzeka to...Bug!
74%
Jak się nazywa ptak ze starych zegarów, lub nazwa dość popularnego cukierka?kukułka
66%
Jak się nazywa mały deszczyk?mżawka
60%
A drugi?piegża
40%
Są dwa ptaki, które możemy często zobaczyć na dyktandach. Jaka jest nazwa jednego z nich?gżegżółka
32%

Rozkład punktacji

Percentyl według liczby udzielonych odpowiedzi

Procent ludzi z każdym wynikiem

Twoja historia wyników

Nie rozwiązałeś tego quizu od ostatniego zresetowania